Every City in Maine - Statistics

General Stats
  • This quiz has been taken 7 times
  • The average score is 10 of 22
Answer Stats
Cities % Correct
Auburn
100%
Augusta
100%
Bangor
100%
Lewiston
86%
Portland
86%
Calais
71%
Presque Isle
57%
South Portland
57%
Rockland
43%
Saco
43%
Waterville
43%
Westbrook
43%
Belfast
29%
Biddeford
29%
Eastport
29%
Ellsworth
29%
Brewer
14%
Gardiner
14%
Hallowell
14%
Old Town
14%
Sanford
14%
Cairbou
0%
No matching quizzes found
Score Distribution
Percent of People with Each Score
Percentile by Number Answered
Your Score History
You have not taken this quiz